Scientific knowledge : (Record no. 122777)
[ view plain ]
| 000 -LEADER | |
|---|---|
| fixed length control field | 01185mam a2200301 a 4500 |
| 001 - CONTROL NUMBER | |
| control field | 1859633 |
| 005 - DATE AND TIME OF LATEST TRANSACTION | |
| control field | 20150430104735.0 |
| 008 - FIXED-LENGTH DATA ELEMENTS--GENERAL INFORMATION | |
| fixed length control field | 951023s1996 ilua b 001 0 eng |
| 010 ## - LIBRARY OF CONGRESS CONTROL NUMBER | |
| LC control number | 95045231 |
| 020 ## - INTERNATIONAL STANDARD BOOK NUMBER | |
| International Standard Book Number | 0226037304 (cloth : acidfree paper) |
| 020 ## - INTERNATIONAL STANDARD BOOK NUMBER | |
| International Standard Book Number | 0226037312 (pbk. : acidfree paper) |
| 035 ## - SYSTEM CONTROL NUMBER | |
| System control number | (OCoLC)ocm33405986 |
| 040 ## - CATALOGING SOURCE | |
| Original cataloging agency | DLC |
| Transcribing agency | DLC |
| Modifying agency | OrLoB-B |
| 050 00 - LIBRARY OF CONGRESS CALL NUMBER | |
| Classification number | Q175 |
| Item number | .B2184 1996 |
| 082 00 - DEWEY DECIMAL CLASSIFICATION NUMBER | |
| Classification number | 306.4/5 |
| Edition number | 20 |
| 100 1# - MAIN ENTRY--PERSONAL NAME | |
| Personal name | Barnes, Barry. |
| 9 (RLIN) | 17573 |
| 245 10 - TITLE STATEMENT | |
| Title | Scientific knowledge : |
| Remainder of title | a sociological analysis / |
| Statement of responsibility, etc | Barry Barnes, David Bloor & John Henry. |
| 260 ## - PUBLICATION, DISTRIBUTION, ETC. (IMPRINT) | |
| Place of publication, distribution, etc | Chicago : |
| Name of publisher, distributor, etc | University of Chicago Press, |
| Date of publication, distribution, etc | 1996. |
| 300 ## - PHYSICAL DESCRIPTION | |
| Extent | xii, 230 p. : |
| Other physical details | ill. ; |
| Dimensions | 23 cm. |
| 504 ## - BIBLIOGRAPHY, ETC. NOTE | |
| Bibliography, etc | Includes bibliographical references (p. [215]-225) and index. |
| 505 00 - FORMATTED CONTENTS NOTE | |
| Miscellaneous information | 1. |
| Title | Observation and Experience -- |
| Miscellaneous information | 2. |
| Title | Interpretation -- |
| Miscellaneous information | 3. |
| Title | Words and the World -- |
| Miscellaneous information | 4. |
| Title | Beyond Experience -- |
| Miscellaneous information | 5. |
| Title | Sociological Projects -- |
| Miscellaneous information | 6. |
| Title | Drawing Boundaries -- |
| Miscellaneous information | 7. |
| Title | Proof and Self-Evidence. |
| 650 #0 - SUBJECT ADDED ENTRY--TOPICAL TERM | |
| Topical term or geographic name as entry element | Science |
| General subdivision | Philosophy. |
| 9 (RLIN) | 17574 |
| 650 #0 - SUBJECT ADDED ENTRY--TOPICAL TERM | |
| Topical term or geographic name as entry element | Science |
| General subdivision | Psychology. |
| 9 (RLIN) | 17575 |
| 700 1# - ADDED ENTRY--PERSONAL NAME | |
| Personal name | Bloor, David. |
| 9 (RLIN) | 17576 |
| 700 1# - ADDED ENTRY--PERSONAL NAME | |
| Personal name | Henry, John. |
| 9 (RLIN) | 5818 |
| 900 ## - EQUIVALENCE OR CROSS-REFERENCE-PERSONAL NAME [LOCAL, CANADA] | |
| Numeration | TOC |
| 942 ## - ADDED ENTRY ELEMENTS (KOHA) | |
| Source of classification or shelving scheme | Library of Congress Classification |
| Item type | Monograph ( Printed materials) |
| Withdrawn status | Lost status | Source of classification or shelving scheme | Damaged status | Not for loan | Collection code | Home library | Current library | Shelving location | Date acquired | Total Checkouts | Full call number | Barcode | Date last seen | Date last borrowed | Price effective from | Koha item type |
|---|---|---|---|---|---|---|---|---|---|---|---|---|---|---|---|---|
| Library of Congress Classification | Main Collection | ARRUPE LIBRARY | ARRUPE LIBRARY | Main Collection | 30/04/2015 | 7 | Q175 .B2184 1996 | 46500004452 | 14/11/2019 | 31/10/2019 | 30/04/2015 | Monograph ( Printed materials) |